Statistics for Capitals on The Atlantic Ocean

Click here to take the quiz!

General Stats

  • This quiz has been taken 127 times
    (93 since last reset)
  • The average score is 32 of 54

Answer Stats

CountryCapital% Correct
PortugalLisbon
92%
CubaHavana
77%
NorwayOslo
77%
IrelandDublin
77%
MoroccoRabat
75%
JamaicaKingston
73%
ArgentinaBuenos Aires
73%
St. Vincent and GrenadinesKingstown
73%
IcelandReykjavik
72%
SwedenStockholm
71%
DenmarkCopenhagen
71%
HaitiPort-au Prince
69%
UruguayMontevideo
69%
FinlandHelsinki
69%
SenegalDakar
68%
AlgeriaAlgiers
68%
VenezuelaCaracas
67%
ItalyRome
67%
TunisTunis
67%
NetherlandsAmsterdam
67%
AngolaLuanda
67%
Dominican RepublicSanto Domingo
67%
BahamasNassau
65%
GreeceAthens
65%
GuyanaGeorgetown
63%
GhanaAccra
63%
EstoniaTallinn
61%
Sierra LeoneFreetown
60%
LibyaTripoli
60%
Trinidad and TobagoPort-of-Spain
59%
LatviaRiga
57%
LebanonBeirut
57%
MaltaValletta
56%
United StatesWashington
56%
MonacoMonaco
52%
South AfricaCape Town
52%
Antigua and BarbudaSt. John's
49%
São Tomé and PríncipeSão Tomé
48%
GabonLibreville
48%
SurinameParamaribo
48%
St. LuciaCastries
47%
GrenadaSaint George's
47%
BarbadosBridgetown
47%
GambiaBanjul
45%
St. Kitts and NevisBasseterre
45%
Guinea-BissauBissau
44%
Cape VerdePraia
43%
BeninPorto Novo
41%
DominicaRoseau
40%
MauritaniaNouakchott
40%
TogoLome
40%
LiberiaMonrovia
40%
GuineaConakry
39%
Equatorial GuineaMalabo
39%

Score Distribution

Percentile by Number Answered

Percent of People with Each Score

Your Score History

You have not taken this quiz since the last reset